| 000 | 00539nam a22001577a 4500 | ||
|---|---|---|---|
| 003 | NUST | ||
| 082 | _a200 | ||
| 100 |
_aMehmood, Rabail _9106935 |
||
| 245 |
_aThe Development of Point-of-Care Plasmonic-based Biosensor For Early Detection of the COVID-19 Virus/ _cRabail Mehmood |
||
| 264 |
_aIslamabad : _bSEECS, NUST, _c2022. |
||
| 300 | _a57 p. ; | ||
| 650 |
_aMS-Electrical Engineering _923567 |
||
| 700 |
_aSupervisor: Dr. Ahmed Rasheed _9113460 |
||
| 856 | _uhttp://10.250.8.41:8080/xmlui/handle/123456789/32239 | ||
| 942 |
_2ddc _cSC |
||
| 999 |
_c592939 _d592939 |
||